| 000 | 00639nam a2200253 a 4500 | ||
|---|---|---|---|
| 999 |
_c12571 _d12571 |
||
| 001 | 12571 | ||
| 003 | BD-JhCC | ||
| 005 | 20220910112100.0 | ||
| 008 | 220313t20052018ii a|||| ||a| 001 0 eng d | ||
| 020 | _a9780241327371 | ||
| 035 | _a(BD-JhCC)12571 | ||
| 040 |
_aBD-JhCC _dBD-JhCC |
||
| 041 | _aEnglish | ||
| 082 |
_a468.2421 _bBRE 2018 |
||
| 100 | _aBremon, Ana | ||
| 245 |
_a15 Minute Spanish / _c Ana Bremon. |
||
| 260 |
_aIndia : _bDorling Kindersley; _c2018. |
||
| 300 |
_a160 p. : _bill; _c22 cm. |
||
| 650 | _aSpanish Language | ||
| 650 | _aStudy and Teaching | ||
| 651 | _aSpoken Spanish | ||
| 942 |
_2ddc _cBK |
||